| 000 | 00926nam a22001817a 4500 | ||
|---|---|---|---|
| 008 | 100708s1981 ua|||||r|||| 000 0 ara d | ||
| 082 |
_222 _bي ح ي _a320.120964265 |
||
| 100 |
_916069 _aيحيي ،جلال |
||
| 245 |
_aمسألة الحدود المغربية الجزائرية والمشكلة الصحراوية / _cجلال يحيي، محمد نصر مهنا ،سوسن سليم |
||
| 260 |
_a[الإسكندرية]: _b1981 ،دار المعارف _c1981 |
||
| 300 |
_a673ص؛ _c23سم |
||
| 541 |
_aألف باء ؛ _cشراء ؛ |
||
| 651 |
_916284 _aالمغرب _xالحدود السياسية -- _zالجزائر |
||
| 700 |
_916073 _aمهنا، محمد نصر |
||
| 700 |
_916074 _aسليم، سوسن |
||
| 942 |
_2ddc _cBB |
||
| 999 |
_c14440 _d14440 |
||